000 01036nam a22001697a 4500
003 SGT
020 _a9780070589384
082 _a338.501,SAL
100 _aSALVATORE,DOMINICK
245 _aSCHAUM'S OUTLINES MACROECONOMIC THEORY
250 _a3RD
260 _aNEW DELHI
_bTMH
_c2013
300 _a364
650 _aMICROECONOMICS, PRODUCTION
653 _aCHAPTER 1: INTRODUCTION CHAPTER 2: DEMAND, SUPPLY, AND EQUILIBRIUM: AN OVERVIEW CHAPTER 3: THE MEASUREMENT OF ELASTICITIES CHAPTER 4: CONSUMER DEMAND THEORY CHAPTER 5: ADVANCED TOPICS IN CONSUMER DEMAND THEORY CHAPTER 6: THEORY OF PRODUCTION CHAPTER 7: COSTS OF PRODUCTION CHAPTER 8: ADVANCED TOPICS IN PRODUCTION THEORY CHAPTER 9: PRICE AND OUTPUT UNDER PERFECT COMPETITION CHAPTER 10: PRICE AND OUTPUT UNDER PURE MONOPOLY CHAPTER 11: PRICE AND OUTPUT UNDER MONOPOLISTIC COMPETITION AND OLIGOPOLY CHAPTER 12: RECENT AND ADVANCED TOPICS IN MARKET STRUCTURE CHAPTER 13: INPUT PRICING AND EMPLOYMENT CHAPTER 14: GENERAL EQUILIBRIUM AND WELFARE ECONOMICS
942 _2ddc
_cFCM
_010
999 _c9261
_d9261